| 000 | 00644nam a2200193 i 4500 | ||
|---|---|---|---|
| 001 | 36919 | ||
| 003 | ES-MaACL | ||
| 005 | 20230906155452.0 | ||
| 007 | t| | ||
| 008 | 030219s1971 sp ||||1| spa d | ||
| 100 | 1 |
_aBrowning, D. R. _932033 |
|
| 245 | 1 | 0 |
_aEspectroscopia / _cdirigida por D. R. Browning ; versión española de María Xirau Vayreda ; supervisión Francisco Moreno Martín. |
| 250 | _a1ª ed. | ||
| 260 |
_aBarcelona : _bToray Masson, _c[1971] |
||
| 300 |
_aXII, 202 p. : _bil. ; _c22 cm. |
||
| 700 | 1 |
_aXirau Vayreda, María. _9117519 |
|
| 700 | 1 |
_aMoreno Martín, Francisco. _983400 |
|
| 852 |
_aES-MaACL _jC-38495 _bR.78359 |
||
| 999 |
_c36919 _d36919 |
||